000 00354nam a2200157Ia 4500
008 160316s1982 xxu||||| |||| 00| 0 eng d
082 _a813.540000
_bMIC
100 _aMichener James A
245 _aSpce
250 _a
260 _aNew York
_bRandom House
_c1982
300 _a622p
_b
_c
365 _b Rs. 100
650 _a1. Fiction
700 _a
_a
999 _c33389
_d33389